Zákon o dani z príjmov zavádza do praxe niekoľko noviniek

Novinky v novele zákona o dani z príjmov. Index daňovej spoľahlivosti.

Gespeichert in:
Bibliographische Detailangaben
Format: Buchkapitel
Sprache:Slowakisch
Schlagworte:
Tags: Tag hinzufügen
Keine Tags, Fügen Sie das erste Tag hinzu!

MARC

LEADER 00000naa a2200000 4500
001 0241469
005 20180326081205.9
041 0 |a slo 
044 |a SK 
245 1 0 |a Zákon o dani z príjmov zavádza do praxe niekoľko noviniek 
520 |a Novinky v novele zákona o dani z príjmov. Index daňovej spoľahlivosti. 
610 2 0 |a zákony 
610 2 0 |a Slovensko 
610 2 0 |a dane z príjmov 
610 2 0 |a novelizácia 
610 2 0 |a podnikatelia